000 00360nam a2200133Ia 4500
008 240624s9999 xx 000 0 und d
041 _aeng
082 _a332.642 BOL
100 _aBOLTON ANTHONY
245 _aINVESTING WITH ANTHONY BOLTON THE ANATOM
260 _c2006
_aGreat Britain
_bHarriman House Ltd
300 _axv, 216 p.; 23 cm.
365 _cBPS
_b38
999 _c29085
_d29085